000 00651nam a2200241Ia 4500
003 OSt
005 20221006165105.0
006 a|||||r|||| 00| 0
007 ta
008 221006b |||||||| |||| 00| 0 eng d
024 _a784
037 _cTextual
040 _aFML
_cFML
_beng
041 _2eng
_aeng
082 _aQ2:4x2,44, G6
100 _aGhosh Manmohan Tr.
_9679077
245 0 _aSulapan's Chaturanga
260 _aKolkata
_bDinesh Chandra Guha
_c1936
300 _a24 +36
_ccm.
700 _a Dipika Au.
_9679078
942 _hQ2:4x2,44, G6
_cTEXL
_2CC
999 _c1119561
_d1119561